000 00370pab a2200145 454500
008 180718b1988 xxu||||| |||| 00| 0 eng d
100 _aGupta, Pankaj
245 _aKarl Marx and his thought
260 _c1988
300 _a1-16
362 _aApr.
650 _aMarx, Karl - Criticism and Interpretation
773 _aGuru Nanak Journal Of Sociology
909 _a13528
999 _c13528
_d13528